[Event "4NCL Division 2b"]
[Site "Northampton, ENG"]
[Date "2017.01.14"]
[Round "3.51"]
[White "Gayson, Peter M"]
[Black "Carleton, John J"]
[Result "1/2-1/2"]
[WhiteElo "2147"]
[BlackElo "2287"]
[PlyCount "116"]
[EventDate "2017.01.14"]
[WhiteTeam "White Rose 2"]
[BlackTeam "Spirit of Atticus A"]

1. e4 c6 2. d4 d5 3. e5 Bf5 4. Nf3 e6 5. Be2 Nd7 6. O-O Bg6 7. b3 Nh6 8. c4 Nf5
9. Nc3 Bb4 10. Bb2 O-O 11. a3 Ba5 12. Rc1 a6 13. h3 Rc8 14. Qd2 f6 15. exf6
Qxf6 16. Nxd5 exd5 17. Qxa5 Rce8 18. Qd2 Nd6 19. Ne5 Bf5 20. cxd5 cxd5 21. Bf3
Ne4 22. Qe3 Qd6 23. Bxe4 Bxe4 24. f3 Bf5 25. Qc3 Qb6 26. Kh1 Nf6 27. a4 Rc8 28.
Qe3 Rfe8 29. Rxc8 Rxc8 30. Rc1 Re8 31. Qc3 h6 32. Ba3 Rc8 33. Bc5 Qe6 34. g4 b6
35. gxf5 Qxf5 36. Qc2 Qxh3+ 37. Qh2 Qxh2+ 38. Kxh2 bxc5 39. dxc5 a5 40. Kg3 Kf8
41. Kf4 Ke7 42. Kf5 Nd7 43. Ng6+ Kf7 44. c6 Nf6 45. Rc5 Nh5 46. Ne5+ Ke7 47.
Rxa5 Kd6 48. Nf7+ Kxc6 49. b4 Rf8 50. b5+ Kb7 51. Kg6 Nf4+ 52. Kxg7 Ne6+ 53.
Kg6 Nc5 54. b6 Kxb6 55. Rb5+ Kc6 56. Ne5+ Kd6 57. Nf7+ Kc6 58. Ne5+ Kd6 1/2-1/2

[Event "4NCL Division 2b"]
[Site "Northampton, ENG"]
[Date "2017.01.14"]
[Round "3.52"]
[White "Mitchell, Martin"]
[Black "Burnett, Jim"]
[Result "1/2-1/2"]
[WhiteElo "2199"]
[BlackElo "2110"]
[PlyCount "61"]
[EventDate "2017.01.14"]
[WhiteTeam "Spirit of Atticus A"]
[BlackTeam "White Rose 2"]

1. d4 d5 2. c4 e6 3. Nc3 Nf6 4. cxd5 exd5 5. Bg5 Be7 6. e3 c6 7. Bd3 O-O 8. Qc2
Nbd7 9. Nf3 Re8 10. h3 Nf8 11. Bf4 Ne6 12. Be5 g6 13. O-O-O Ng7 14. g4 Bd6 15.
Rdg1 Bxe5 16. Nxe5 Nd7 17. f4 Nxe5 18. dxe5 f6 19. h4 fxe5 20. fxe5 Rxe5 21. h5
Qg5 22. hxg6 Qxe3+ 23. Kb1 h6 24. Nd1 Qg5 25. Qh2 Bd7 26. Qxh6 Qxh6 27. Rxh6
Rae8 28. Rgh1 Kf8 29. Rf1+ Kg8 30. Rfh1 Kf8 31. Rf1+ 1/2-1/2

[Event "4NCL Division 2b"]
[Site "Northampton, ENG"]
[Date "2017.01.14"]
[Round "3.53"]
[White "Shaw, Peter"]
[Black "House, Glenn L"]
[Result "0-1"]
[WhiteElo "2120"]
[BlackElo "2181"]
[PlyCount "102"]
[EventDate "2017.01.14"]
[WhiteTeam "White Rose 2"]
[BlackTeam "Spirit of Atticus A"]

1. d4 Nf6 2. c4 e6 3. Nf3 Bb4+ 4. Nbd2 b6 5. a3 Bxd2+ 6. Qxd2 Bb7 7. e3 d6 8.
Be2 Nbd7 9. O-O O-O 10. b4 Qe7 11. Bb2 Rfd8 12. Rad1 a6 13. Qc3 c5 14. dxc5
bxc5 15. Nd2 Rac8 16. e4 e5 17. f3 Nh5 18. Rfe1 Nf4 19. Nf1 Nb6 20. Ne3 Na4 21.
Qb3 Nxb2 22. Qxb2 g6 23. Nd5 Bxd5 24. cxd5 cxb4 25. axb4 Qa7+ 26. Kf1 Rd7 27.
Rc1 Rdc7 28. Rxc7 Rxc7 29. Ra1 Nxe2 30. Kxe2 Qb6 31. Rc1 Qb5+ 32. Ke3 Rxc1 33.
Qxc1 Qxb4 34. Qc8+ Kg7 35. Qxa6 Qe1+ 36. Qe2 Qg1+ 37. Qf2 Qxh2 38. Kd3 h5 39.
Kc4 h4 40. Qb6 Qxg2 41. Qxd6 Qc2+ 42. Kb5 Qb2+ 43. Kc6 h3 44. f4 h2 45. fxe5
h1=Q 46. Qf6+ Kg8 47. Qd8+ Kh7 48. e6 Qxe4 49. exf7 Qc3+ 50. Kd6 Qcb4+ 51. Kc7
Qc5+ 0-1

[Event "4NCL Division 2b"]
[Site "Northampton, ENG"]
[Date "2017.01.14"]
[Round "3.54"]
[White "Ivell, Nicholas W"]
[Black "O'driscoll, Kieran"]
[Result "1/2-1/2"]
[WhiteElo "2193"]
[BlackElo "2090"]
[PlyCount "36"]
[EventDate "2017.01.14"]
[WhiteTeam "Spirit of Atticus A"]
[BlackTeam "White Rose 2"]

1. e4 d5 2. exd5 Nf6 3. Bb5+ Bd7 4. Bxd7+ Qxd7 5. Nf3 Nxd5 6. O-O Nc6 7. d4 e6
8. c3 Be7 9. Nbd2 O-O-O 10. Nc4 Bf6 11. Re1 Rhe8 12. a4 Nb6 13. Nxb6+ axb6 14.
Be3 e5 15. dxe5 Qxd1 16. Raxd1 Rxd1 17. Rxd1 Nxe5 18. Nxe5 Bxe5 1/2-1/2

[Event "4NCL Division 2b"]
[Site "Northampton, ENG"]
[Date "2017.01.14"]
[Round "3.55"]
[White "Arnott, Jonathan W"]
[Black "Jackson, Sheila"]
[Result "1/2-1/2"]
[WhiteElo "2121"]
[BlackElo "2151"]
[PlyCount "24"]
[EventDate "2017.01.14"]
[WhiteTeam "White Rose 2"]
[BlackTeam "Spirit of Atticus A"]

1. e4 e5 2. Nf3 Nf6 3. Nc3 Nc6 4. Bb5 Bb4 5. O-O O-O 6. Nd5 Nxd5 7. exd5 e4 8.
dxc6 exf3 9. Qxf3 dxc6 10. Bd3 Qh4 11. Qe4 Qxe4 12. Bxe4 f5 1/2-1/2

[Event "4NCL Division 2b"]
[Site "Northampton, ENG"]
[Date "2017.01.14"]
[Round "3.56"]
[White "Latham, David"]
[Black "Press, Harry"]
[Result "1/2-1/2"]
[WhiteElo "2109"]
[BlackElo "1892"]
[PlyCount "100"]
[EventDate "2017.01.14"]
[WhiteTeam "Spirit of Atticus A"]
[BlackTeam "White Rose 2"]

1. d4 Nf6 2. Nf3 e6 3. c4 d5 4. Nc3 Be7 5. Bg5 O-O 6. e3 b6 7. cxd5 Nxd5 8.
Bxe7 Qxe7 9. Bd3 Bb7 10. O-O Nd7 11. Rc1 c5 12. Bb1 cxd4 13. Nxd5 exd5 14. Nxd4
Nf6 15. Nf5 Qe5 16. Qd4 Qxd4 17. Nxd4 Rac8 18. Nf5 Rc5 19. b4 Rxc1 20. Rxc1 Ba6
21. Rc7 Bc4 22. Rxa7 g6 23. Nd6 b5 24. f3 Ne8 25. Nxc4 dxc4 26. Ra8 Nc7 27.
Rxf8+ Kxf8 28. e4 Ke7 29. Kf2 Kd6 30. Ke3 Ne6 31. f4 f6 32. Bc2 h6 33. a4 Kc6
34. h4 Nc7 35. g4 g5 36. hxg5 hxg5 37. fxg5 fxg5 38. Kd4 Na6 39. axb5+ Kxb5 40.
e5 Kxb4 41. e6 Nc7 42. e7 c3 43. Bg6 Kb3 44. Ke5 c2 45. Bxc2+ Kxc2 46. Kf5 Kd3
47. Kxg5 Ke4 48. Kh6 Ke5 49. g5 Ke6 50. g6 Ne8 1/2-1/2

[Event "4NCL Division 2b"]
[Site "Northampton, ENG"]
[Date "2017.01.14"]
[Round "3.57"]
[White "Press, Shaun"]
[Black "Bimpson, Tom"]
[Result "0-1"]
[WhiteElo "1970"]
[BlackElo "2085"]
[PlyCount "72"]
[EventDate "2017.01.14"]
[WhiteTeam "White Rose 2"]
[BlackTeam "Spirit of Atticus A"]

1. e4 d6 2. d4 Nf6 3. Nc3 Nbd7 4. f4 e5 5. Nf3 exd4 6. Nxd4 g6 7. Be2 Bg7 8.
Be3 O-O 9. Nb3 b6 10. Qd3 a5 11. O-O-O a4 12. Nd4 Nc5 13. Qd2 Nfxe4 14. Nxe4
Nxe4 15. Qe1 a3 16. Bf3 Bb7 17. b3 Re8 18. Bxe4 Rxe4 19. c3 Qe7 20. Nc2 Re8 21.
Qd2 Rxe3 22. Nxe3 Qxe3 23. Rhe1 Qxd2+ 24. Kxd2 Rxe1 25. Rxe1 Kf8 26. g3 c5 27.
Kd3 b5 28. Re3 Bd5 29. Kc2 f5 30. c4 Be4+ 31. Kd2 b4 32. Kc1 Kf7 33. Kd1 Bd4
34. Re1 Ke6 35. Kc1 d5 36. cxd5+ Kxd5 0-1

[Event "4NCL Division 2b"]
[Site "Northampton, ENG"]
[Date "2017.01.14"]
[Round "3.58"]
[White "Ackley, Peter J E"]
[Black "Kluckova, Alzbeta"]
[Result "1-0"]
[WhiteElo "1980"]
[BlackElo "1198"]
[PlyCount "67"]
[EventDate "2017.01.14"]
[WhiteTeam "Spirit of Atticus A"]
[BlackTeam "White Rose 2"]

1. g3 d5 2. Bg2 Nf6 3. Nf3 e6 4. O-O Bc5 5. d4 Bb6 6. c4 O-O 7. c5 Ba5 8. a3 c6
9. b4 Bc7 10. Bb2 a5 11. Nbd2 b5 12. Qc2 Ng4 13. h3 Nh6 14. e4 f6 15. Rfe1 Nd7
16. Rad1 a4 17. Re2 Rf7 18. Rde1 Nf8 19. Bc1 f5 20. exd5 exd5 21. Re8 Qf6 22.
Ne5 Bb7 23. Nxf7 Rxe8 24. Nxh6+ Qxh6 25. Rxe8 Qg6 26. Re1 Bc8 27. Nf3 Be6 28.
Ne5 Bxe5 29. Rxe5 h6 30. g4 Nd7 31. gxf5 Bxf5 32. Rxf5 Nf6 33. Qd3 Qf7 34. Bf4
1-0

[Event "4NCL Division 2b"]
[Site "Northampton, ENG"]
[Date "2017.01.14"]
[Round "3.61"]
[White "Bisby, Daniel L"]
[Black "Ward, Chris G"]
[Result "0-1"]
[WhiteElo "2311"]
[BlackElo "2441"]
[PlyCount "46"]
[EventDate "2017.01.14"]
[WhiteTeam "Cambridge University 1"]
[BlackTeam "KJCA Kings"]

1. e4 c5 2. Nc3 Nc6 3. g3 g6 4. Bg2 Bg7 5. d3 d6 6. Nge2 e6 7. O-O Nge7 8. Bg5
O-O 9. Qd2 Nd4 10. Rab1 Qd7 11. Nxd4 cxd4 12. Ne2 f6 13. Bh6 e5 14. Bxg7 Kxg7
15. c3 dxc3 16. bxc3 Qc7 17. d4 Nc6 18. c4 Bg4 19. f3 Bd7 20. Rfd1 Rad8 21. Kh1
Na5 22. c5 dxc5 23. dxc5 Ba4 0-1

[Event "4NCL Division 2b"]
[Site "Northampton, ENG"]
[Date "2017.01.14"]
[Round "3.62"]
[White "Hand, Freddie"]
[Black "Eckersley-Waites, Adam"]
[Result "0-1"]
[WhiteElo "2205"]
[BlackElo "2273"]
[PlyCount "68"]
[EventDate "2017.01.14"]
[WhiteTeam "KJCA Kings"]
[BlackTeam "Cambridge University 1"]

1. d4 Nf6 2. c4 c5 3. d5 e6 4. Nc3 exd5 5. cxd5 d6 6. e4 g6 7. Nge2 Bg7 8. Ng3
O-O 9. Be2 h5 10. Bg5 Nbd7 11. O-O a6 12. a4 Qc7 13. f4 Nh7 14. Bh4 c4 15. Kh1
Rb8 16. e5 dxe5 17. Be7 exf4 18. d6 Qb6 19. Nd5 Qxb2 20. Rb1 Qe5 21. Rxf4 Nhf6
22. Nxf6+ Nxf6 23. Rxc4 Be6 24. Rc7 Nd7 25. Rcxb7 Rxb7 26. Rxb7 Rc8 27. Bxa6 h4
28. Nf1 h3 29. Rb5 hxg2+ 30. Kxg2 Qe4+ 31. Qf3 Rc2+ 32. Kg3 Qe1+ 33. Kf4 Rc4+
34. Kg5 Qh4# 0-1

[Event "4NCL Division 2b"]
[Site "Northampton, ENG"]
[Date "2017.01.14"]
[Round "3.63"]
[White "Hill, Alistair"]
[Black "Selway, Richard P"]
[Result "1/2-1/2"]
[WhiteElo "2231"]
[BlackElo "2053"]
[PlyCount "64"]
[EventDate "2017.01.14"]
[WhiteTeam "Cambridge University 1"]
[BlackTeam "KJCA Kings"]

1. e4 c5 2. c3 d5 3. exd5 Qxd5 4. d4 Nc6 5. Nf3 Bg4 6. Be2 cxd4 7. cxd4 e6 8.
Nc3 Qa5 9. Be3 Nf6 10. O-O Bd6 11. h3 Bh5 12. a3 O-O 13. Qb3 Ne7 14. Bd2 Qb6
15. Qxb6 axb6 16. g4 Bg6 17. Ne5 Rfd8 18. Bg5 Nc6 19. Nxg6 hxg6 20. Rfd1 Be7
21. Be3 Rd7 22. Bf3 Rad8 23. d5 Ne5 24. Bg2 Nc4 25. dxe6 fxe6 26. Bf1 Nxe3 27.
fxe3 Bc5 28. Kf2 Ne4+ 29. Ke1 Nxc3 30. bxc3 Bxe3 31. Rxd7 Rxd7 32. Rd1 Rxd1+
1/2-1/2

[Event "4NCL Division 2b"]
[Site "Northampton, ENG"]
[Date "2017.01.14"]
[Round "3.64"]
[White "Bansal, Rohan"]
[Black "Bukojemski, Adam"]
[Result "0-1"]
[WhiteElo "1987"]
[BlackElo "2207"]
[PlyCount "60"]
[EventDate "2017.01.14"]
[WhiteTeam "KJCA Kings"]
[BlackTeam "Cambridge University 1"]

1. d4 Nf6 2. c4 g6 3. Nc3 Bg7 4. e4 O-O 5. f3 d6 6. Be3 a6 7. Qd2 Nc6 8. Nge2
Re8 9. d5 Ne5 10. Nd4 c5 11. dxc6 bxc6 12. Be2 c5 13. Nc2 Bb7 14. O-O Nc6 15.
Rfd1 Nd7 16. Rab1 a5 17. b3 Nf8 18. Bf1 Ne6 19. Ne2 Ba6 20. g3 a4 21. Bh3 axb3
22. axb3 Bc8 23. Bg2 Qa5 24. f4 Qxd2 25. Rxd2 Rb8 26. e5 Na5 27. exd6 exd6 28.
Rxd6 Nxc4 29. Rd3 Nd4 30. Bxd4 Bf5 {Unable to read scoresheet} 0-1

[Event "4NCL Division 2b"]
[Site "Northampton, ENG"]
[Date "2017.01.14"]
[Round "3.65"]
[White "Ross, Chris N"]
[Black "Verma, Aditya"]
[Result "1/2-1/2"]
[WhiteElo "2162"]
[BlackElo "2013"]
[PlyCount "88"]
[EventDate "2017.01.14"]
[WhiteTeam "Cambridge University 1"]
[BlackTeam "KJCA Kings"]

1. e4 c5 2. Nf3 d6 3. Bb5+ Bd7 4. Bxd7+ Qxd7 5. c4 Nc6 6. d4 cxd4 7. Nxd4 Nf6
8. Nc3 g6 9. f3 Bg7 10. Be3 O-O 11. Rc1 a6 12. Qd2 Ne5 13. b3 Rab8 14. a4 Rfc8
15. O-O Qd8 16. Rfd1 Qa5 17. Nde2 Qb4 18. Qa2 Nc6 19. Nf4 e6 20. Nd3 Qa5 21.
Qa3 Qc7 22. b4 Nd7 23. a5 Nce5 24. Nxe5 Nxe5 25. Na4 Qc6 26. Nb6 Rd8 27. Qb3
Qe8 28. b5 Qe7 29. h3 g5 30. c5 dxc5 31. Bxc5 Rxd1+ 32. Qxd1 Qe8 33. bxa6 bxa6
34. Qe2 Rd8 35. Be3 Nd3 36. Rb1 Qe7 37. Qc2 h6 38. Kh1 Ne5 39. Bg1 Qa3 40. Qc7
Re8 41. Qc5 Qxc5 42. Bxc5 Rd8 43. Na4 Nc4 44. Bb6 Rd2 1/2-1/2

[Event "4NCL Division 2b"]
[Site "Northampton, ENG"]
[Date "2017.01.14"]
[Round "3.66"]
[White "Anilkumar, Anantha P"]
[Black "Lee, Richard W Y"]
[Result "0-1"]
[WhiteElo "1870"]
[BlackElo "2149"]
[PlyCount "50"]
[EventDate "2017.01.14"]
[WhiteTeam "KJCA Kings"]
[BlackTeam "Cambridge University 1"]

1. d4 d5 2. c4 e6 3. Nc3 Nf6 4. Bg5 Be7 5. e3 h6 6. Bh4 O-O 7. Nf3 b6 8. Bd3
Bb7 9. O-O dxc4 10. Bxc4 Nbd7 11. Bg3 c5 12. d5 exd5 13. Nxd5 Nxd5 14. Bxd5 Qc8
15. Rc1 Rd8 16. Bxb7 Qxb7 17. Qb3 b5 18. Qc2 Nf6 19. Rcd1 Rd5 20. Rxd5 Qxd5 21.
a4 a6 22. Rd1 Qe4 23. Qb3 c4 24. Qc3 b4 25. Qd4 Rd8 0-1

[Event "4NCL Division 2b"]
[Site "Northampton, ENG"]
[Date "2017.01.14"]
[Round "3.67"]
[White "Spencer, Carl J"]
[Black "Anbukumar, Hajane"]
[Result "1/2-1/2"]
[WhiteElo "2126"]
[BlackElo "1921"]
[PlyCount "105"]
[EventDate "2017.01.14"]
[WhiteTeam "Cambridge University 1"]
[BlackTeam "KJCA Kings"]

1. d4 f5 2. Bg5 g6 3. Nc3 Nf6 4. e3 Bg7 5. h4 d6 6. h5 Ne4 7. Nxe4 fxe4 8. hxg6
hxg6 9. Rxh8+ Bxh8 10. c3 c6 11. Qc2 Qa5 12. Bf4 g5 13. Bg3 Qf5 14. Be2 Nd7 15.
Bh5+ Kf8 16. Be2 Nf6 17. O-O-O b5 18. Rf1 Qe6 19. Kb1 a5 20. Ka1 a4 21. f3 Ke8
22. Bh2 a3 23. b3 Nd5 24. Qxe4 Qxe4 25. fxe4 Nxc3 26. Bh5+ Kd7 27. e5 dxe5 28.
dxe5 Ba6 29. Nh3 b4 30. Rf5 Bd3 31. Rxg5 Rf8 32. Nf4 Ne4 33. Bg4+ Kc7 34. Ne6+
Kb6 35. Nxf8 Nxg5 36. Nd7+ Kb5 37. Bf4 Nf7 38. Be6 Nd8 39. Bh3 c5 40. g4 Ne6
41. g5 Nc7 42. Bg2 c4 43. bxc4+ Kxc4 44. Nb6+ Kc5 45. Nc8 Ne6 46. Nxe7 Nxf4 47.
exf4 Kd4 48. Bh3 Ke3 49. Bf5 Bxf5 50. Nxf5+ Kxf4 51. Ne7 Bxe5+ 52. Kb1 Kxg5 53.
Kc2 1/2-1/2

[Event "4NCL Division 2b"]
[Site "Northampton, ENG"]
[Date "2017.01.14"]
[Round "3.68"]
[White "Mao, Ximan"]
[Black "Chevannes, Sabrina L"]
[Result "0-1"]
[WhiteElo "1774"]
[BlackElo "2015"]
[PlyCount "98"]
[EventDate "2017.01.14"]
[WhiteTeam "KJCA Kings"]
[BlackTeam "Cambridge University 1"]

1. d4 d5 2. c4 c6 3. Nf3 Nf6 4. Nc3 a6 5. a4 Bf5 6. Qb3 Ra7 7. Bf4 e6 8. e3
Nbd7 9. a5 Nh5 10. Bg3 Nxg3 11. hxg3 Bd6 12. Nh4 Qg5 13. Na4 dxc4 14. Bxc4 Bc7
15. Nb6 Bxb6 16. axb6 Ra8 17. Ra5 O-O 18. O-O Qf6 19. Nxf5 exf5 20. Bd3 g6 21.
d5 cxd5 22. Rxd5 Nxb6 23. Rd4 Rfd8 24. Rb4 Rd6 25. Rc1 a5 26. Rb5 a4 27. Qb4
Rxd3 28. Rxb6 Qd8 29. Rc3 Rxc3 30. bxc3 a3 31. Rd6 Qc7 32. Rd1 a2 33. Qb2 b5
34. Ra1 Qc4 35. f3 Qd3 36. Kf2 Re8 37. Re1 Rd8 38. Ra1 Re8 39. Re1 Qc4 40. Ra1
Ra8 41. Ke1 Rd8 42. Rxa2 Rd3 43. Kf2 Rxc3 44. Ra8+ Kg7 45. Ra3 b4 46. Ra4 Qc5
47. Rxb4 Qxe3+ 48. Kf1 f6 49. Qa2 Rc1# 0-1

[Event "4NCL Division 2b"]
[Site "Northampton, ENG"]
[Date "2017.01.14"]
[Round "3.71"]
[White "Ciuksyte, Dagne"]
[Black "Greet, Andrew N"]
[Result "1/2-1/2"]
[WhiteElo "2316"]
[BlackElo "2449"]
[PlyCount "77"]
[EventDate "2017.01.14"]
[WhiteTeam "Guildford 3"]
[BlackTeam "Alba"]

1. e4 e6 2. d4 d5 3. Nd2 c5 4. Ngf3 cxd4 5. exd5 Qxd5 6. Bc4 Qd6 7. O-O Nf6 8.
Nb3 Nc6 9. Nbxd4 Nxd4 10. Nxd4 Be7 11. b3 O-O 12. Bb2 Qf4 13. g3 Qc7 14. Qf3 a6
15. a4 b6 16. Nc6 Bb7 17. Nxe7+ Qxe7 18. Bxf6 gxf6 19. Qg4+ Kh8 20. Qh4 Kg7 21.
Qg4+ Kh8 22. Qh4 Kg7 23. Bd3 h6 24. Qg4+ Kh8 25. Qf4 Kg7 26. Rae1 Qc5 27. b4
Qh5 28. Be4 Bxe4 29. Rxe4 Rfc8 30. c4 a5 31. b5 Ra7 32. Qd6 Qc5 33. Rg4+ Kh7
34. Qd2 Rac7 35. Rh4 Qg5 36. Qd6 Qc5 37. Qd2 Qg5 38. Qd6 Qc5 39. Qd2 1/2-1/2

[Event "4NCL Division 2b"]
[Site "Northampton, ENG"]
[Date "2017.01.14"]
[Round "3.73"]
[White "Granat, Russell G"]
[Black "Sreeves, Clement"]
[Result "0-1"]
[WhiteElo "2230"]
[BlackElo "2370"]
[PlyCount "136"]
[EventDate "2017.01.14"]
[WhiteTeam "Guildford 3"]
[BlackTeam "Alba"]

1. e4 c5 2. Nf3 d6 3. Bb5+ Nd7 4. O-O a6 5. Bc4 Ngf6 6. Re1 b5 7. Bf1 Bb7 8. d3
g6 9. a4 Bg7 10. axb5 axb5 11. Rxa8 Qxa8 12. Nc3 b4 13. Nb5 O-O 14. c4 bxc3 15.
bxc3 c4 16. dxc4 Nxe4 17. Nfd4 Bf6 18. f3 Nec5 19. Be3 Rc8 20. Qd2 Ne5 21. Bg5
Ncd7 22. Bxf6 Nxf6 23. Qg5 Rc5 24. Qh4 Qd8 25. Rb1 Ba6 26. Qe1 Nxc4 27. Na7 e5
28. Nac6 Rxc6 29. Nxc6 Qc7 30. Bxc4 Bxc4 31. Qh4 Bd3 32. Rd1 Be2 33. Rc1 Kg7
34. Nb4 Bc4 35. Qf2 h5 36. h4 d5 37. Qe3 Qd6 38. Re1 Nd7 39. f4 exf4 40. Qd4+
Qf6 41. Re7 Qxd4+ 42. cxd4 Nf8 43. Kf2 Ne6 44. Nc6 Kf6 45. Rb7 Ba6 46. Rb6 Bd3
47. Nb4 Be4 48. Nc6 Kf5 49. g3 Kg4 50. Ne5+ Kh3 51. gxf4 Nxd4 52. Nxf7 Kxh4 53.
Ne5 g5 54. Rb4 Nc2 55. Rb8 g4 56. Rg8 Nd4 57. Rg5 Ne6 58. Ng6+ Bxg6 59. Rxg6
Nxf4 60. Rd6 Kh3 61. Ke3 Kg3 62. Rf6 Ng2+ 63. Ke2 h4 64. Kf1 h3 65. Kg1 Nf4 66.
Ra6 d4 67. Ra2 d3 68. Rd2 Kf3 0-1

[Event "4NCL Division 2b"]
[Site "Northampton, ENG"]
[Date "2017.01.14"]
[Round "3.75"]
[White "Shepley, Julien M"]
[Black "Berry, Neil"]
[Result "0-1"]
[WhiteElo "1980"]
[BlackElo "2288"]
[PlyCount "90"]
[EventDate "2017.01.14"]
[WhiteTeam "Guildford 3"]
[BlackTeam "Alba"]

1. e4 e6 2. d4 d5 3. Nd2 Nf6 4. e5 Nfd7 5. Bd3 c5 6. c3 Nc6 7. Ne2 cxd4 8. cxd4
f6 9. exf6 Nxf6 10. O-O Bd6 11. Nf3 Qc7 12. Bg5 O-O 13. Bh4 Nh5 14. Qc2 h6 15.
Bh7+ Kh8 16. Bg6 Rxf3 17. Bxh5 Rf8 18. Bg3 Bd7 19. Bxd6 Qxd6 20. Qc3 Be8 21.
Bxe8 Raxe8 22. Rad1 Rf6 23. Rd3 Ref8 24. Re3 Qe7 25. f4 Qd8 26. Ref3 Qb6 27.
Kh1 Qa6 28. Nc1 Rxf4 29. Kg1 Rxf3 30. Rxf3 Rxf3 31. gxf3 Qb6 32. Nb3 e5 33. Kf2
Nxd4 34. Nxd4 Qxd4+ 35. Qxd4 exd4 36. Ke2 Kg8 37. Kd3 Kf7 38. Kxd4 Ke6 39. a4
a5 40. Kc5 Ke5 41. b4 d4 42. Kc4 axb4 43. a5 b3 44. Kxb3 Kf4 45. Kc4 Ke3 0-1

[Event "4NCL Division 2b"]
[Site "Northampton, ENG"]
[Date "2017.01.14"]
[Round "3.76"]
[White "Burnett, Andrew"]
[Black "White, Nigel"]
[Result "0-1"]
[WhiteElo "2172"]
[BlackElo "1982"]
[PlyCount "60"]
[EventDate "2017.01.14"]
[WhiteTeam "Alba"]
[BlackTeam "Guildford 3"]

1. Nf3 c5 2. c4 Nc6 3. Nc3 Nf6 4. d4 cxd4 5. Nxd4 g6 6. Nc2 Bg7 7. e4 O-O 8.
Be2 a6 9. O-O d6 10. Bd2 Bd7 11. Rc1 Qb8 12. b4 b5 13. cxb5 axb5 14. f3 Ne8 15.
Kh1 Nc7 16. Nd5 Ne8 17. Bc3 Bh6 18. Ra1 e6 19. Nde3 e5 20. Nd5 Ne7 21. Nce3 Bc6
22. Qb3 Kh8 23. f4 f6 24. fxe5 fxe5 25. Qb2 Bxd5 26. Rxf8+ Bxf8 27. exd5 Nf6
28. Qb3 Qb6 29. Be1 Bg7 30. Bh4 Qd4 0-1

[Event "4NCL Division 2b"]
[Site "Northampton, ENG"]
[Date "2017.01.14"]
[Round "3.78"]
[White "Bamber, Elaine"]
[Black "Stimpson, Philip M"]
[Result "1-0"]
[WhiteElo "2075"]
[BlackElo "1939"]
[PlyCount "85"]
[EventDate "2017.01.14"]
[WhiteTeam "Alba"]
[BlackTeam "Guildford 3"]

1. e4 d5 2. exd5 Nf6 3. Bb5+ Nbd7 4. c4 a6 5. Ba4 b5 6. cxb5 Nxd5 7. Nc3 N7b6
8. bxa6+ Nxa4 9. Qxa4+ Bd7 10. Qc4 Nb6 11. Qe2 Qc8 12. Nf3 Qxa6 13. Qe4 Qc4 14.
Qxc4 Nxc4 15. d3 Nb6 16. Ne5 Be6 17. Nb5 Nd5 18. Bd2 f6 19. Nc4 Bd7 20. Nc3 Nb4
21. O-O e5 22. a3 Nxd3 23. b4 O-O-O 24. Be3 Be6 25. Na5 Nb2 26. Rfc1 Nd3 27.
Rc2 Rd7 28. Nb5 Kd8 29. Rxc7 Rxc7 30. Bb6 Bd7 31. Nxc7 Kc8 32. Rd1 e4 33. f3 f5
34. Nd5 Bb5 35. Nc3 Ba6 36. fxe4 fxe4 37. Nxe4 Be7 38. Nc3 Bf6 39. b5 Nb2 40.
Rc1 Nd3 41. Rc2 Re8 42. Ne2+ Kd7 43. bxa6 1-0

[Event "4NCL Division 2b"]
[Site "Northampton, ENG"]
[Date "2017.01.14"]
[Round "3.81"]
[White "Drabble, Andrew"]
[Black "Pitcher, John"]
[Result "1/2-1/2"]
[WhiteElo "2078"]
[BlackElo "2222"]
[PlyCount "32"]
[EventDate "2017.01.14"]
[WhiteTeam "Bradford DCA Knights A"]
[BlackTeam "Warwickshire Select 1"]

1. d4 d5 2. Nf3 Nf6 3. c4 c6 4. e3 a6 5. Nc3 b5 6. b3 Bg4 7. Be2 Nbd7 8. O-O e6
9. Qc2 Bf5 10. Bd3 Bxd3 11. Qxd3 Bb4 12. Bd2 Ba5 13. Ne2 O-O 14. cxb5 cxb5 15.
a4 Bxd2 16. Nxd2 Qb6 1/2-1/2

[Event "4NCL Division 2b"]
[Site "Northampton, ENG"]
[Date "2017.01.14"]
[Round "3.82"]
[White "Mason, Donald J"]
[Black "Bak, Andrew"]
[Result "1-0"]
[WhiteElo "2136"]
[BlackElo "2050"]
[PlyCount "45"]
[EventDate "2017.01.14"]
[WhiteTeam "Warwickshire Select 1"]
[BlackTeam "Bradford DCA Knights A"]

1. d4 d5 2. c4 c6 3. Nc3 Nf6 4. Nf3 e6 5. Bg5 dxc4 6. e4 b5 7. e5 h6 8. Bh4 g5
9. Nxg5 hxg5 10. Bxg5 Nbd7 11. g3 Qb6 12. exf6 Bb7 13. Bg2 O-O-O 14. O-O c5 15.
d5 b4 16. Rb1 Qa6 17. Re1 Nb6 18. Qg4 Nxd5 19. Nxd5 Bxd5 20. Bxd5 Rxd5 21. Rbd1
Rf5 22. Qe4 Qb7 23. Rd8+ 1-0

[Event "4NCL Division 2b"]
[Site "Northampton, ENG"]
[Date "2017.01.14"]
[Round "3.84"]
[White "Shephard, Chris C W"]
[Black "Nicholson, Jim W R"]
[Result "1-0"]
[WhiteElo "2177"]
[BlackElo "2020"]
[PlyCount "74"]
[EventDate "2017.01.14"]
[WhiteTeam "Warwickshire Select 1"]
[BlackTeam "Bradford DCA Knights A"]

1. g3 e5 2. Bg2 f5 3. c4 Nf6 4. Nc3 c6 5. d4 e4 6. Bg5 Be7 7. e3 O-O 8. h4 Na6
9. Nh3 d6 10. Nf4 Nc7 11. d5 c5 12. Qe2 Bd7 13. Bh3 Qe8 14. Qc2 Rb8 15. Rd1 h6
16. Bxf6 Bxf6 17. h5 b5 18. Ng6 Rf7 19. cxb5 Nxb5 20. Ne2 Nc7 21. b3 Na6 22.
Nef4 Nb4 23. Qd2 Qc8 24. O-O Qa6 25. a4 Qc8 26. f3 Na6 27. Rb1 Rb4 28. fxe4
fxe4 29. Be6 Nc7 30. Rfc1 Nxe6 31. dxe6 Bxe6 32. Qxd6 Bg4 33. Qxc5 Qb7 34. Rc4
Rxc4 35. Qxc4 Kh7 36. Rc1 Rd7 37. Nf8+ Kh8 1-0

[Event "4NCL Division 2b"]
[Site "Northampton, ENG"]
[Date "2017.01.14"]
[Round "3.85"]
[White "Jennings, Roger W"]
[Black "Stepanyan, Henrik"]
[Result "1/2-1/2"]
[WhiteElo "2035"]
[BlackElo "2155"]
[PlyCount "129"]
[EventDate "2017.01.14"]
[WhiteTeam "Bradford DCA Knights A"]
[BlackTeam "Warwickshire Select 1"]

1. g3 e5 2. Bg2 d5 3. d3 Nf6 4. Nf3 Bd6 5. O-O O-O 6. Nc3 c6 7. e4 h6 8. Bd2
Re8 9. Re1 Na6 10. exd5 cxd5 11. Nb5 Bc5 12. d4 Qb6 13. dxc5 Qxb5 14. b4 Bg4
15. a4 Qc4 16. Bf1 Bxf3 17. Bxc4 Bxd1 18. Bxa6 bxa6 19. Raxd1 Rac8 20. f4 Nd7
21. Kf2 f6 22. Be3 d4 23. Bd2 a5 24. c3 dxc3 25. Bxc3 axb4 26. Bxb4 Nxc5 27.
fxe5 fxe5 28. Ke3 Nxa4 29. Ra1 Nb6 30. Red1 Rc4 31. Ba5 Re7 32. Rd8+ Kh7 33.
Rb1 Rc2 34. h4 e4 35. Bxb6 axb6 36. Rxb6 Rc3+ 37. Ke2 Rxg3 38. h5 Rh3 39. Rbb8
Rxh5 40. Rh8+ Kg6 41. Rb6+ Kg5 42. Rc8 Kf4 43. Rf8+ Rf5 44. Ra8 h5 45. Ra1 h4
46. Rf1+ Kg5 47. Rg1+ Kh5 48. Rbg6 h3 49. R6g3 Rf3 50. Rg5+ Kh6 51. R5g4 Rf5
52. R4g3 Rh5 53. Rh1 h2 54. Rg2 e3 55. Rhxh2 Rxh2 56. Rxh2+ Kg5 57. Rh1 g6 58.
Rg1+ Kf5 59. Rf1+ Kg5 60. Rg1+ Kf6 61. Rf1+ Kg7 62. Rf3 g5 63. Rxe3 Rxe3+ 64.
Kxe3 Kf6 65. Kf3 1/2-1/2